बिकमिंग इंडियन : (Record no. 68776)

MARC details
000 -LEADER
fixed length control field 01139nam a22002297a 4500
005 - DATE AND TIME OF LATEST TRANSACTION
control field 20120614170415.0
008 - FIXED-LENGTH DATA ELEMENTS--GENERAL INFORMATION
fixed length control field 081007t xxu||||| |||| 00| 0 mar d
010 ## - LCCN (DPL NO)
LC control number MAR-22365
020 ## - INTERNATIONAL STANDARD BOOK NUMBER
Terms of availability 300.00
International Standard Book Number 9789380514925
035 ## - SYSTEM CONTROL NUMBER
System control number MR-15023
037 ## - SOURCE OF ACQUISITION
Source of stock number/acquisition D.B.Act /pub
082 ## - DEWEY DECIMAL CLASSIFICATION NUMBER
Classification number 954
100 ## - MAIN ENTRY--PERSONAL NAME
9 (RLIN) 49115
Personal name वर्मा, पवन
245 ## - TITLE STATEMENT
Title बिकमिंग इंडियन :
Statement of responsibility, etc पवन वर्मा ; भगवान दातार द्वारा अनुवादित
Remainder of title ओळख भारतीयत्वाची /
246 ## - VARYING FORM OF TITLE
Remainder of title by Pawan K.Verma
Title proper/short title Becoming Indian : Orakh Bhartiyatavachi
260 ## - PUBLICATION, DISTRIBUTION, ETC. (IMPRINT)
Place of publication, distribution, etc पुणे
Name of publisher, distributor, etc अमेय प्रकाशन
Date of publication, distribution, etc 2012
270 ## - ADDRESS
City पुणे
Address 207, बिझनेस गिल्ड,लॉ कॉलेज रोड,
300 ## - PHYSICAL DESCRIPTION
Extent 336पृ.
Dimensions 22 सेमी(अजिल्द)
700 ## - ADDED ENTRY--PERSONAL NAME
Personal name दातार, भगवान
9 (RLIN) 50569
942 ## - ADDED ENTRY ELEMENTS (KOHA)
Source of classification or shelving scheme Dewey Decimal Classification
Item type Marathi Books
Call number suffix वर्माप
Classification part 954
Holdings
Withdrawn status Lost status Source of classification or shelving scheme Damaged status Not for loan Collection code Home library Current library Date acquired Source of acquisition Cost, normal purchase price Total Checkouts Full call number Barcode Date last seen Copy number Cost, replacement price Koha item type
    Dewey Decimal Classification   Not For Loan Non-fiction D.B.Act.Division D.B.Act.Division 27/07/2012 DBAD / PUB 300.00   954 वर्माप MR-15023 27/07/2012 1 300.00 Marathi Books

© Delhi Public Library
Hit Counter
free hit counter